| 000 | 00425nam a22001817a 4500 | ||
|---|---|---|---|
| 003 | OSt | ||
| 005 | 20220127155356.0 | ||
| 008 | 220127b |||||||| |||| 00| 0 eng d | ||
| 020 | _a0766803503 | ||
| 040 | _cHU | ||
| 082 | _a621.319240 | ||
| 100 |
_aHolt Michael _928948 |
||
| 245 | _aUnderstanding g The National Electrical Code | ||
| 250 | _a3ed | ||
| 260 |
_aLondon _bLondon |
||
| 300 | _f372 | ||
| 942 |
_2ddc _cBOOKS _n0 |
||
| 999 |
_c28249 _d28249 |
||